Normal view
MARC view
- PROJECT SUPERVISOR DR. Muhammad Zeeshan DR. Shoab Ahmad
Entry Personal Name
001 - CONTROL NUMBER
- control field: 71230
003 - CONTROL NUMBER IDENTIFIER
- control field: NUST
005 - DATE AND TIME OF LATEST TRANSACTION
- control field: 20210628204617.0
008 - FIXED-LENGTH DATA ELEMENTS
- fixed length control field: 210628|| aca||aabn | a|a d
040 ## - CATALOGING SOURCE
- Original cataloging agency: NUST
- Transcribing agency: NUST
100 ## - HEADING--PERSONAL NAME
- Personal name: PROJECT SUPERVISOR DR. Muhammad Zeeshan DR. Shoab Ahmad
670 ## - SOURCE DATA FOUND
- Source citation: Work cat.: (NUST): Talha Ramzan Huzaifa Azhar Mehwish Altaf Hamna Shahid 71228, PR-SOF-1748-IoT Based Pulmonary Diagnostic, 2018
